[Event "ICS Rated standard match"]
[Site "204.178.125.65"]
[Date "2000.06.25"]
[Round "?"]
[White "Hossa"]
[Black "PostModernist"]
[Result "1/2-1/2"]
[WhiteElo "2323"]
[BlackElo "2392"]
[PlyCount "135"]
[EventDate "2000.??.??"]

1. e4 g6 2. d4 Bg7 3. c4 c5 4. d5 d6 5. Nf3 Nf6 6. Nc3 O-O 7. Be2 e6 8. O-O
exd5 9. cxd5 Re8 10. Qc2 Na6 11. Bxa6 bxa6 12. Bf4 Rb8 13. Bg5 h6 14. Bxf6 Qxf6
15. Nd2 Rxb2 16. Qxb2 Qxc3 17. Qxc3 Bxc3 18. Rad1 Bxd2 19. Rxd2 Rxe4 20. Rb2
Kg7 21. Rb8 Bd7 22. Rd8 Bb5 23. Ra1 Kf6 24. a4 Re8 25. Rxe8 Bxe8 26. Ra3 Bd7
27. Rf3+ Ke5 28. Rxf7 Bxa4 29. f4+ Kxd5 30. f5 gxf5 31. Rxf5+ Kc6 32. Rh5 c4
33. Ra5 Bb5 34. Ra3 Kc5 35. Rh3 Kb4 36. Kf2 c3 37. Ke3 d5 38. Kd4 c2 39. Rc3
Ba4 40. Kd3 d4 41. Kxd4 Bb3 42. Kd3 Ka3 43. Rxc2 Bxc2+ 44. Kxc2 Kb4 45. h4 Kc4
46. g4 Kd5 47. g5 hxg5 48. hxg5 a5 49. g6 Ke6 50. g7 Kf7 51. g8=Q+ Kxg8 52. Kb3
a6 53. Ka4 Kh8 54. Kxa5 Kg7 55. Kb4 Kf6 56. Kc4 Ke6 57. Kd4 Kd7 58. Ke4 Kd8 59.
Kf4 a5 60. Ke5 Kc8 61. Kd5 Kb7 62. Ke5 a4 63. Kd4 Kb6 64. Kc4 Ka6 65. Kd4 a3
66. Kc3 Ka7 67. Kb3 a2 68. Kxa2 1/2-1/2

[Event "ICS rated standard match"]
[Site "204.178.125.65"]
[Date "2000.06.25"]
[Round "?"]
[White "PostModernist"]
[Black "Hossa"]
[Result "1-0"]
[WhiteElo "2389"]
[BlackElo "2326"]
[PlyCount "237"]
[EventDate "2000.??.??"]

1. d4 d5 2. Nf3 Nf6 3. e3 c5 4. Nbd2 cxd4 5. exd4 g6 6. Bb5+ Nc6 7. Bxc6+ bxc6
8. O-O Bg7 9. Nb3 O-O 10. Bf4 Ne4 11. Ne5 Qb6 12. Re1 a5 13. f3 Nd6 14. c3 f6
15. Nd3 e5 16. Bg3 Nc4 17. Bf2 Qb8 18. Rb1 Bf5 19. Nbc5 a4 20. Bg3 Qa7 21. Bf2
a3 22. b3 Nb2 23. Qd2 Nxd3 24. Nxd3 Qc7 25. Rbd1 Rf7 26. Bg3 Re8 27. Qc1 Qa7
28. Nb4 Rc7 29. Bf2 Qa8 30. dxe5 fxe5 31. Nc2 Bf8 32. b4 c5 33. b5 c4 34. Ne3
Be6 35. b6 Rf7 36. Nc2 Bf5 37. Qd2 Bd3 38. h3 Qd8 39. Qc1 Qd7 40. Nb4 Bxb4 41.
cxb4 Qa4 42. Bc5 Rf5 43. Re3 Qa6 44. Qc3 e4 45. Rde1 Qa4 46. Kh1 Rd8 47. fxe4
dxe4 48. Rc1 Rf7 49. Ree1 Rd5 50. Rcd1 Rdf5 51. Qd4 Qe8 52. Ra1 Qb8 53. Qc3 Qa8
54. Rac1 Qa4 55. Qd4 Rd7 56. b7 Rxb7 57. Qd8+ Kg7 58. Bd4+ Kf7 59. g4 Rd7 60.
Qh8 Rf3 61. Qxh7+ Ke6 62. Qxg6+ Kd5 63. Qh5+ Kc6 64. Qc5+ Kb7 65. Qb6+ Kc8 66.
Re3 Rxe3 67. Bxe3 Rh7 68. Kh2 Rb7 69. Qc5+ Rc7 70. Qf8+ Kb7 71. Bf4 Rc8 72.
Qe7+ Kc6 73. Rc3 Qd1 74. Qc5+ Kd7 75. Qd5+ Ke8 76. Qb5+ Kd8 77. Qg5+ Ke8 78.
Qg6+ Ke7 79. Qd6+ Ke8 80. Qe5+ Kd7 81. Qf5+ Ke7 82. Bg5+ Kd6 83. Qf6+ Kd5 84.
Qf7+ Kd6 85. Qe7+ Kc6 86. Qc5+ Kb7 87. Qd5+ Rc6 88. Qb5+ Kc7 89. Bf4+ Rd6 90.
Bxd6+ Kxd6 91. Qc5+ Ke6 92. Qf5+ Kd6 93. Rxa3 Qd2+ 94. Kg3 Qe3+ 95. Kh4 Qh6+
96. Qh5 Qxh5+ 97. gxh5 e3 98. Kg3 Kd5 99. h6 Kc6 100. Rxd3 cxd3 101. Kf3 e2
102. Kf2 Kb5 103. h7 Kxb4 104. h8=Q Kc4 105. Qe5 Kb4 106. Qd4+ Ka5 107. Qxd3
Kb6 108. Qd6+ Kb5 109. Kxe2 Kc4 110. Qe5 Kb4 111. Ke3 Kc4 112. Kd2 Kb4 113. Qd5
Ka4 114. Ke2 Kb4 115. Ke3 Ka4 116. Qb3+ Ka5 117. a4 Ka6 118. Qb8 Ka5 119. Qb5#
{Hossa checkmated} 1-0

[Event "ICS rated bullet match"]
[Site "204.178.125.65"]
[Date "2000.06.25"]
[Round "?"]
[White "Trucoseis"]
[Black "Hossa"]
[Result "0-1"]
[WhiteElo "2364"]
[BlackElo "2544"]
[PlyCount "86"]
[EventDate "2000.??.??"]

1. e4 c6 2. Nf3 d5 3. d3 dxe4 4. dxe4 Qxd1+ 5. Kxd1 Nf6 6. Bd3 Nbd7 7. Bg5 e6
8. Nbd2 Bc5 9. Bxf6 Nxf6 10. Ke2 Ng4 11. Rhd1 Nxf2 12. Nb3 Nxd1 13. Rxd1 Bb6
14. c4 Bd7 15. g3 Rd8 16. c5 Bc7 17. Nfd4 e5 18. Nf3 Be6 19. Rg1 b6 20. Nbd2
bxc5 21. Ng5 Bxa2 22. Bc4 Rxd2+ 23. Kxd2 Bxc4 24. Kc3 Be2 25. Re1 Ba5+ 26. Kc2
Bxe1 27. Nh3 Bg4 28. Ng1 Bf2 29. h3 Bxh3 30. Nf3 Bxg3 31. Nd2 Bg2 32. Nc4 Bxe4+
33. Kb3 Ke7 34. Kc3 Be1+ 35. Kb3 Bd5 36. Kc2 Bxc4 37. b4 cxb4 38. Kd1 Kd6 39.
Kc1 Kc5 40. Kb2 Bc3+ 41. Kb1 Bb3 42. Kc1 Rd8 43. Kb1 Rd1# 0-1

[Event "ICS rated blitz match"]
[Site "204.178.125.65"]
[Date "2000.06.25"]
[Round "?"]
[White "JZInsomniac"]
[Black "Hossa"]
[Result "1-0"]
[WhiteElo "2699"]
[BlackElo "2369"]
[PlyCount "113"]
[EventDate "2000.??.??"]

1. e4 c6 2. c4 d5 3. exd5 cxd5 4. cxd5 Nf6 5. Bb5+ Bd7 6. Bc4 b5 7. Bb3 Na6 8.
Nf3 Nc5 9. Bc2 Bg4 10. Qe2 Bxf3 11. Qxb5+ Qd7 12. Qxd7+ Ncxd7 13. gxf3 Nxd5 14.
Nc3 Nb4 15. Be4 Rc8 16. d4 Nf6 17. Kd1 e6 18. Rg1 g6 19. Bg5 Nd7 20. a3 Nc6 21.
Nb5 a6 22. Rc1 Ndb8 23. Bf6 Rg8 24. Nc3 Bh6 25. Bxc6+ Nxc6 26. Rc2 Bf4 27. Rg4
Bxh2 28. f4 Nb8 29. Rh4 Bg1 30. Rxh7 Rc4 31. Rh1 Nd7 32. Ne4 Rxc2 33. Kxc2 Kf8
34. Rxg1 Nxf6 35. Nxf6 Rh8 36. Nd7+ Ke7 37. Nc5 Rc8 38. Rh1 Ra8 39. b4 Kd6 40.
Rh7 Ke7 41. Kb3 a5 42. b5 Rd8 43. b6 Rxd4 44. b7 a4+ 45. Kc3 Rd8 46. Na6 Kf6
47. b8=Q Rxb8 48. Nxb8 Ke7 49. Kb4 Ke8 50. Nc6 Kd7 51. Kc5 Ke8 52. Rh8+ Kd7 53.
Rd8+ Kc7 54. Re8 f6 55. Re7+ Kc8 56. Kb6 f5 57. Rc7# {Hossa checkmated} 1-0

[Event "ICS Rated standard match"]
[Site "204.178.125.65"]
[Date "2000.06.26"]
[Round "?"]
[White "CptCheck"]
[Black "Hossa"]
[Result "1-0"]
[WhiteElo "2056"]
[BlackElo "2313"]
[PlyCount "81"]
[EventDate "2000.??.??"]

1. e4 e6 2. Nf3 Nf6 3. e5 Nd5 4. d4 d6 5. c4 Nb4 6. Qa4+ N8c6 7. exd6 cxd6 8.
Bd2 Qb6 9. d5 exd5 10. a3 Na6 11. cxd5 Nc5 12. Qf4 Nb3 13. Ra2 Ncd4 14. Nxd4
Nxd4 15. Bc3 Nf5 16. Bd3 Qb3 17. Bc4 Qa4 18. b3 Qd7 19. Re2+ Be7 20. Bd3 O-O
21. Qe4 h5 22. g4 hxg4 23. Qxg4 g6 24. Qh3 Nd4 25. Qxd7 Nf3+ 26. Kd1 Bxd7 27.
Rxe7 Bh3 28. Bf1 Bf5 29. Nd2 Rac8 30. Nxf3 Rxc3 31. Nd4 Rc5 32. Bg2 Bc8 33. b4
Rc4 34. Nb5 Rd8 35. Nxa7 Bd7 36. Kd2 Kf8 37. Rhe1 Rh4 38. h3 Rf4 39. f3 Rc4 40.
Kd3 Rc7 41. Kd4 {Hossa resigns} 1-0

[Event "ICS rated standard match"]
[Site "204.178.125.65"]
[Date "2000.06.26"]
[Round "?"]
[White "Hossa"]
[Black "QueenMaxima"]
[Result "1-0"]
[WhiteElo "2287"]
[BlackElo "2403"]
[PlyCount "115"]
[EventDate "2000.??.??"]

1. d4 Nf6 2. c4 e6 3. Nc3 Bb4 4. e3 O-O 5. Nge2 b6 6. a3 Be7 7. e4 Bb7 8. e5
Ne8 9. Bf4 f6 10. Qc2 fxe5 11. dxe5 Bg5 12. Bg3 Nc6 13. Rd1 Rf5 14. Nd4 Nxd4
15. Rxd4 c5 16. Rd1 Rf7 17. Ne4 Bf4 18. Bd3 Qb8 19. Nd6 Nxd6 20. Bxh7+ Kh8 21.
Rxd6 Bxg2 22. Rg1 Bc6 23. Bg6 Rf8 24. Bxf4 Rxf4 25. Qe2 Rh4 26. Rg5 Rh6 27. Qg4
Qf8 28. Rd3 b5 29. cxb5 Bxb5 30. Rf3 Qd8 31. Rh5 Qa5+ 32. Rc3 Qd8 33. Qh3 Qf8
34. Rf3 Kg8 35. Rxf8+ Rxf8 36. Rxh6 gxh6 37. Qxh6 Rf7 38. Bxf7+ Kxf7 39. Qf4+
Kg8 40. Qd2 a6 41. a4 Bc6 42. Qa5 c4 43. Qxa6 Bd5 44. Qc8+ Kg7 45. Qxd7+ Kh6
46. Qe7 Kg6 47. Qf6+ Kh7 48. Kd2 Kg8 49. Kc3 Kh7 50. Qf7+ Kh8 51. Qg6 Bh1 52.
h4 Bf3 53. Qf6+ Kh7 54. Qxf3 Kh8 55. Qf6+ Kh7 56. h5 Kg8 57. h6 Kh7 58. Qg7#
1-0

[Event "ICS Rated standard match"]
[Site "204.178.125.65"]
[Date "2000.06.26"]
[Round "?"]
[White "JudgeTurpin"]
[Black "Hossa"]
[Result "1-0"]
[WhiteElo "2377"]
[BlackElo "2308"]
[PlyCount "153"]
[EventDate "2000.??.??"]

1. d4 Nf6 2. c4 e6 3. Nc3 Bb4 4. e3 b6 5. Nge2 Ba6 6. a3 Bxc3+ 7. Nxc3 d5 8. b3
O-O 9. Be2 Nc6 10. a4 Na5 11. Ba3 Re8 12. Nb5 c6 13. Nd6 Re7 14. Qc2 Rd7 15. b4
Nxc4 16. Nxc4 Bxc4 17. Bxc4 dxc4 18. Qxc4 Rc8 19. O-O Ng4 20. h3 Nf6 21. Rfc1
Rdc7 22. Rab1 Ne4 23. Qd3 Qd5 24. f3 Ng3 25. Kf2 Qg5 26. Bb2 Qh4 27. Kg1 Rd7
28. Rc2 e5 29. Rbc1 e4 30. fxe4 Nxe4 31. Qa6 Rcc7 32. Qc4 Qg3 33. Qe2 Qd6 34.
b5 c5 35. dxc5 bxc5 36. Qg4 Qg6 37. Qxg6 hxg6 38. Rc4 f5 39. Bd4 Rc8 40. g4 Rd5
41. R4c2 Kh7 42. Kg2 Rc7 43. Kf3 Ng5+ 44. Ke2 Ne6 45. Bc3 Re7 46. Rd2 Nf4+ 47.
Kf3 Rxd2 48. Bxd2 Nd3 49. Rc3 c4 50. Rc2 Kg8 51. Bc3 Kf7 52. Rg2 Kf8 53. gxf5
gxf5 54. Rg5 f4 55. exf4 Kg8 56. Rd5 Rf7 57. Rd8+ Kh7 58. Rd4 g5 59. Rxc4 Nxf4
60. Kg4 Kg6 61. Rc6+ Kh7 62. Bf6 Nd3 63. Kf5 Rd7 64. Ke6 Rb7 65. Rc8 Kg6 66.
Rg8+ Kh7 67. Rxg5 Rc7 68. Kd6 Rf7 69. Bd4 Ne1 70. Ke6 Rb7 71. Rf5 Nc2 72. Bc5
Kg6 73. Rf1 Rc7 74. Kd6 Rh7 75. Rc1 Na3 76. Bxa3 Rh4 77. Rg1+ {Hossa resigns}
1-0

[Event "ICS rated standard match"]
[Site "204.178.125.65"]
[Date "2000.06.26"]
[Round "?"]
[White "Hossa"]
[Black "PostModernist"]
[Result "0-1"]
[WhiteElo "2295"]
[BlackElo "2402"]
[PlyCount "116"]
[EventDate "2000.??.??"]

1. d4 Nf6 2. c4 e6 3. Nc3 Bb4 4. e3 c5 5. Nge2 d5 6. cxd5 exd5 7. dxc5 O-O 8.
Nf4 Nc6 9. a3 Bxc3+ 10. bxc3 Qa5 11. Bd2 Qxc5 12. Be2 Bf5 13. O-O Ne4 14. Be1
Rfd8 15. Qc2 Rac8 16. Qb2 Na5 17. Rd1 g5 18. Nh5 Bg6 19. c4 Bxh5 20. Bxh5 Nxc4
21. Qxb7 Rc7 22. Qb4 Qc6 23. Rb1 a5 24. Qb5 Qa8 25. Qa4 Nc5 26. Qd1 Nxa3 27.
Ra1 Nc4 28. Qg4 Ne4 29. h4 h6 30. Qf5 Re8 31. hxg5 hxg5 32. Be2 a4 33. Qg4 Re6
34. Bxc4 Rxc4 35. f3 Nd2 36. Qxg5+ Rg6 37. Qe5 Nxf1 38. Kxf1 Rc2 39. g4 d4 40.
e4 Qa6+ 41. Kg1 Qe2 42. Qb8+ Kg7 43. Qg3 Rf6 44. Bf2 d3 45. Qh4 Qxf3 46. g5
Qxf2+ 47. Qxf2 Rfxf2 48. Rd1 Rg2+ 49. Kh1 Rh2+ 50. Kg1 Rcg2+ 51. Kf1 d2 52. Ra1
Rh1+ 53. Kxg2 Rxa1 54. Kf3 d1=Q+ 55. Kf4 Qf1+ 56. Ke3 Rd1 57. e5 Rd3+ 58. Ke4
Qf3# {Hossa checkmated} 0-1

[Event "ICS rated bullet match"]
[Site "204.178.125.65"]
[Date "2000.06.26"]
[Round "?"]
[White "luis1"]
[Black "Hossa"]
[Result "0-1"]
[WhiteElo "1580"]
[BlackElo "2548"]
[PlyCount "57"]
[EventDate "2000.??.??"]

1. Nf3 Nf6 2. e3 g6 3. d4 Bg7 4. Bd3 d5 5. c3 O-O 6. O-O Bg4 7. Nbd2 Nc6 8. h3
Bxf3 9. Nxf3 Qc8 10. Re1 Ne4 11. Qc2 f5 12. Ne5 Bxe5 13. dxe5 Nxe5 14. f3 Nd6
15. e4 fxe4 16. fxe4 Nxd3 17. Qxd3 dxe4 18. Qd5+ e6 19. Qg5 Qd7 20. Be3 Rf7 21.
Rad1 Qb5 22. Bf4 Qxb2 23. Bxd6 Qf2+ 24. Kh1 cxd6 25. Rf1 Qc2 26. Rxf7 Qxd1+ 27.
Kh2 Kxf7 28. Qf4+ Kg7 29. Qf7+ {luis1 resigns} 0-1

[Event "ICS rated bullet match"]
[Site "204.178.125.65"]
[Date "2000.06.26"]
[Round "?"]
[White "Hossa"]
[Black "luis1"]
[Result "1-0"]
[WhiteElo "2548"]
[BlackElo "1580"]
[PlyCount "39"]
[EventDate "2000.??.??"]

1. d4 d6 2. Nf3 Nf6 3. e3 c6 4. Bd3 g6 5. O-O Bg7 6. e4 O-O 7. Nbd2 Re8 8. e5
dxe5 9. dxe5 Nd5 10. Nc4 e6 11. Nd6 Rf8 12. Bg5 Qd7 13. Qd2 Na6 14. Bxa6 bxa6
15. Bh6 a5 16. Bxg7 Kxg7 17. Rfd1 Ba6 18. c4 Ne7 19. Nf5+ Nxf5 20. Qxd7 {
luis1 resigns} 1-0

[Event "ICS rated bullet match"]
[Site "204.178.125.65"]
[Date "2000.06.26"]
[Round "?"]
[White "luis1"]
[Black "Hossa"]
[Result "0-1"]
[WhiteElo "1580"]
[BlackElo "2548"]
[PlyCount "50"]
[EventDate "2000.??.??"]

1. Nf3 Nf6 2. c4 e6 3. Nc3 c5 4. e3 d5 5. d4 cxd4 6. exd4 Nc6 7. cxd5 Nxd5 8.
Be3 Bb4 9. Qb3 O-O 10. Be2 Nxe3 11. fxe3 Bd7 12. O-O Rc8 13. a3 Ba5 14. Rac1
Bb6 15. Ne4 Qe7 16. Nc5 e5 17. Rfd1 exd4 18. Nxd7 Qxd7 19. Nxd4 Nxd4 20. exd4
Qxd4+ 21. Kh1 Rxc1 22. Rxc1 Qf2 23. Bf3 Re8 24. Qc2 Re1+ 25. Rxe1 Qxe1# {
luis1 checkmated} 0-1

[Event "ICS rated bullet match"]
[Site "204.178.125.65"]
[Date "2000.06.26"]
[Round "?"]
[White "Zmaster2000"]
[Black "Hossa"]
[Result "0-1"]
[WhiteElo "1658"]
[BlackElo "2548"]
[PlyCount "40"]
[EventDate "2000.??.??"]

1. Nf3 Nf6 2. d4 g6 3. e3 Bg7 4. c4 d5 5. Nc3 O-O 6. Be2 Nc6 7. O-O Bf5 8. cxd5
Nxd5 9. Nxd5 Qxd5 10. Bd3 Nb4 11. Re1 Bxd3 12. e4 Bxe4 13. Nd2 Bxg2 14. a3 Nd3
15. Re3 Nf4 16. Rg3 Nh3+ 17. Rxh3 Bxh3 18. f3 Qg5+ 19. Kf2 Bxd4+ 20. Ke2 Qe3#
0-1

[Event "ICS rated bullet match"]
[Site "204.178.125.65"]
[Date "2000.06.26"]
[Round "?"]
[White "Hossa"]
[Black "Zmaster2000"]
[Result "1-0"]
[WhiteElo "2548"]
[BlackElo "1658"]
[PlyCount "25"]
[EventDate "2000.??.??"]

1. d4 c5 2. d5 d6 3. e4 b5 4. Bxb5+ Bd7 5. Bxd7+ Nxd7 6. Nf3 Ngf6 7. Nc3 Nxd5
8. exd5 e6 9. O-O e5 10. Bg5 g6 11. Bxd8 Rxd8 12. Nb5 Bg7 13. Nxd6+ {
Zmaster2000 resigns} 1-0

[Event "ICS rated bullet match"]
[Site "204.178.125.65"]
[Date "2000.06.26"]
[Round "?"]
[White "ecco1"]
[Black "Hossa"]
[Result "0-1"]
[WhiteElo "1195"]
[BlackElo "2548"]
[PlyCount "24"]
[EventDate "2000.??.??"]

1. e4 d5 2. exd5 Qxd5 3. Nc3 Qa5 4. Be2 Qg5 5. g3 Nf6 6. d4 Qa5 7. Nf3 Ne4 8.
O-O Nxc3 9. bxc3 Bh3 10. Re1 Qxc3 11. Bd2 Qc6 12. Ng5 Qg2# {ecco1 checkmated}
0-1

[Event "ICS rated bullet match"]
[Site "204.178.125.65"]
[Date "2000.06.26"]
[Round "?"]
[White "Hossa"]
[Black "nayagidichma"]
[Result "1-0"]
[WhiteElo "2548"]
[BlackElo "837"]
[PlyCount "31"]
[EventDate "2000.??.??"]

1. d4 Nc6 2. Nf3 Nf6 3. d5 Nd4 4. Qxd4 Nxd5 5. Qxd5 a6 6. Nc3 h6 7. Bf4 Rh7 8.
O-O-O Rh8 9. e4 Rh7 10. Kb1 Rh8 11. Bd3 Rh7 12. Be3 Rh8 13. e5 Rh7 14. Bxh7 g6
15. e6 Rb8 16. exf7# 1-0

[Event "ICS rated bullet match"]
[Site "204.178.125.65"]
[Date "2000.06.26"]
[Round "?"]
[White "Hossa"]
[Black "ICEblonde"]
[Result "1-0"]
[WhiteElo "2548"]
[BlackElo "1733"]
[PlyCount "63"]
[EventDate "2000.??.??"]

1. d4 d6 2. Nf3 Nf6 3. e3 Nbd7 4. Bd3 c5 5. O-O cxd4 6. exd4 b6 7. Re1 Bb7 8.
Bf4 e6 9. Nc3 Be7 10. Nb5 O-O 11. Nxd6 Bxf3 12. Qxf3 e5 13. Nb7 Qc8 14. dxe5
Rb8 15. exf6 Rxb7 16. fxe7 Re8 17. Ba6 Rc7 18. Bxc8 Rcxc8 19. Qb7 Nf6 20. Bg5
Rb8 21. Qxa7 Rbd8 22. exd8=Q Rxd8 23. Qxb6 h6 24. Qxd8+ Kh7 25. Bxf6 Kg6 26.
Qd3+ Kxf6 27. g4 g6 28. Qc3+ Kg5 29. h4+ Kxh4 30. Qg3+ Kg5 31. f4+ Kf6 32. Qc3#
1-0

[Event "ICS rated bullet match"]
[Site "204.178.125.65"]
[Date "2000.06.26"]
[Round "?"]
[White "ICEblonde"]
[Black "Hossa"]
[Result "0-1"]
[WhiteElo "1733"]
[BlackElo "2548"]
[PlyCount "94"]
[EventDate "2000.??.??"]

1. e4 d5 2. exd5 Qxd5 3. d4 e5 4. c4 Qxd4 5. Qxd4 exd4 6. Nf3 Nc6 7. Nbd2 Bf5
8. Nb3 O-O-O 9. Bf4 Re8+ 10. Be2 d3 11. Nfd4 Bd7 12. Nxc6 Bxc6 13. Be3 dxe2 14.
Kxe2 Bxg2 15. Rhg1 Bc6 16. Rad1 Ba4 17. Rd3 Bxb3 18. axb3 Kb8 19. Ra1 Bc5 20.
Ra5 Bxe3 21. fxe3 Nf6 22. b4 Re4 23. b3 Rh4 24. b5 Rxh2+ 25. Kf1 Ne4 26. Kg1
Rd2 27. Rxd2 Nxd2 28. b4 Nxc4 29. Ra2 Nxe3 30. Re2 Nc4 31. Re7 Rf8 32. Re4 Nd6
33. Rg4 Rg8 34. Rh4 h6 35. Rf4 Re8 36. Kf2 Re4 37. Rf3 Rxb4 38. Rg3 Ne4+ 39.
Kg2 Nxg3 40. Kxg3 Rxb5 41. Kf3 Kc8 42. Ke3 Kd7 43. Ke4 Ke6 44. Kf3 Ke5 45. Kg4
Rb3 46. Kh4 Kf5 47. Kh5 Rh3# 0-1

[Event "ICS rated bullet match"]
[Site "204.178.125.65"]
[Date "2000.06.26"]
[Round "?"]
[White "Hossa"]
[Black "Samshaunak"]
[Result "1-0"]
[WhiteElo "2548"]
[BlackElo "1500"]
[PlyCount "135"]
[EventDate "2000.??.??"]

1. d4 e6 2. c4 d5 3. Nc3 dxc4 4. e3 c5 5. Nf3 cxd4 6. Qxd4 Qxd4 7. Nxd4 Nf6 8.
Bxc4 Bc5 9. O-O O-O 10. Ndb5 Na6 11. e4 Bd7 12. Bg5 h6 13. Bxf6 gxf6 14. Rad1
Bxb5 15. Bxb5 Nc7 16. Rd3 Nxb5 17. Nxb5 Rfd8 18. Rg3+ Kh7 19. Rc3 a6 20. Rxc5
axb5 21. Rxb5 Rxa2 22. Rxb7 Rd2 23. Rxf7+ Kg6 24. Re7 e5 25. b4 Rab2 26. Rb7
Rd4 27. f3 Rdxb4 28. Rd7 R4b3 29. Rfd1 Rb1 30. Kf2 Rxd1 31. Rxd1 Kg5 32. Rd8
Rb2+ 33. Kg3 h5 34. Rg8+ Kh6 35. Rc8 Kg6 36. Rf8 Kg7 37. Ra8 Kg6 38. Kh3 Kg5
39. Rd8 Kg6 40. Rd7 Kg5 41. Rg7+ Kh6 42. Rg8 Kh7 43. Rc8 Kg6 44. Rh8 Kg5 45.
Rg8+ Kh6 46. Re8 Kg7 47. Kg3 Kg6 48. Rh8 Kg5 49. Rd8 Kg6 50. Rc8 Kg5 51. Re8
Kg6 52. Rh8 Kg5 53. h4+ Kg6 54. Kh3 Re2 55. g4 hxg4+ 56. Kxg4 Rg2+ 57. Kh3 Re2
58. Rg8+ Kf7 59. Ra8 Re3 60. Ra7+ Ke6 61. Kg4 Re1 62. Ra6+ Ke7 63. Kf5 Rh1 64.
Re6+ Kd7 65. Rxf6 Rxh4 66. Kxe5 Rh5+ 67. Rf5 Rh6 68. Rf7+ {Samshaunak resigns}
1-0

[Event "ICS rated bullet match"]
[Site "204.178.125.65"]
[Date "2000.06.26"]
[Round "?"]
[White "Hossa"]
[Black "SR71Blackbird"]
[Result "1-0"]
[WhiteElo "2548"]
[BlackElo "1556"]
[PlyCount "35"]
[EventDate "2000.??.??"]

1. d4 e6 2. c4 f6 3. Nc3 c5 4. Nf3 cxd4 5. Nxd4 d5 6. cxd5 exd5 7. e3 Nc6 8.
Qh5+ Kd7 9. Qxd5+ Kc7 10. Nxc6 bxc6 11. Qxd8+ Kxd8 12. Bc4 Bd7 13. O-O Kc7 14.
Rd1 Rd8 15. e4 Bg4 16. Bf4+ Kb7 17. Rxd8 Bc5 18. Rb8# 1-0

[Event "ICS rated bullet match"]
[Site "204.178.125.65"]
[Date "2000.06.26"]
[Round "?"]
[White "Hossa"]
[Black "mre1"]
[Result "1-0"]
[WhiteElo "2548"]
[BlackElo "883"]
[PlyCount "35"]
[EventDate "2000.??.??"]

1. d4 d5 2. Nf3 c6 3. c4 e6 4. cxd5 cxd5 5. Nc3 Nd7 6. Bf4 Nb6 7. Qc2 Bd6 8.
Bxd6 Qxd6 9. e3 Nf6 10. O-O-O Ne4 11. Nb5 Qd7 12. Ne5 Qe7 13. Nc7+ Qxc7 14.
Qxc7 Bd7 15. Qxb7 Rc8+ 16. Kb1 Nc4 17. Qxd7+ Kf8 18. Qxf7# {mre1 checkmated}
1-0

[Event "ICS rated bullet match"]
[Site "204.178.125.65"]
[Date "2000.06.26"]
[Round "?"]
[White "Hossa"]
[Black "explosiv-gent"]
[Result "1-0"]
[WhiteElo "2548"]
[BlackElo "1986"]
[PlyCount "73"]
[EventDate "2000.??.??"]

1. d4 e6 2. c4 d5 3. Nc3 Nf6 4. Nf3 Bb4 5. Bg5 Bxc3+ 6. bxc3 O-O 7. e3 h6 8.
Bxf6 Qxf6 9. Bd3 dxc4 10. Bxc4 c5 11. O-O Nc6 12. Qc2 cxd4 13. cxd4 a6 14. Bd3
Bd7 15. Bh7+ Kh8 16. Be4 Rac8 17. Qb3 Na5 18. Qb4 Nc6 19. Qxb7 e5 20. Qxd7 exd4
21. Bxc6 Rfd8 22. Qb7 Rb8 23. Qxa6 Rd6 24. Nxd4 Rxd4 25. exd4 Qxd4 26. Qe2 Rb2
27. Qe8+ Kh7 28. Be4+ g6 29. Qxf7+ Qg7 30. Bxg6+ Kh8 31. Qe8+ Qg8 32. Qe5+ Qg7
33. Qd6 Rb7 34. Rac1 Rd7 35. Rc8+ Qg8 36. Qxd7 Qxc8 37. Qh7# 1-0

[Event "ICS rated bullet match"]
[Site "204.178.125.65"]
[Date "2000.06.26"]
[Round "?"]
[White "Bjackhammer"]
[Black "Hossa"]
[Result "0-1"]
[WhiteElo "1199"]
[BlackElo "2549"]
[PlyCount "42"]
[EventDate "2000.??.??"]

1. e4 d5 2. exd5 Qxd5 3. Nc3 Qa5 4. Nf3 Nf6 5. Bd3 Bg4 6. Bc4 Qf5 7. d3 Nc6 8.
Be3 Ne5 9. Nxe5 Bxd1 10. Kxd1 Qxe5 11. Bxa7 Rxa7 12. Bxf7+ Kxf7 13. Ne4 Qxb2
14. Rb1 Qxb1+ 15. Kd2 Nxe4+ 16. dxe4 Qxh1 17. Kd3 Qd1+ 18. Kc3 Rxa2 19. Kc4
Rxc2+ 20. Kb4 Qb1+ 21. Ka3 Ra2# 0-1

[Event "ICS rated bullet match"]
[Site "204.178.125.65"]
[Date "2000.06.26"]
[Round "?"]
[White "Hossa"]
[Black "Bjackhammer"]
[Result "1-0"]
[WhiteElo "2549"]
[BlackElo "1199"]
[PlyCount "33"]
[EventDate "2000.??.??"]

1. d4 d5 2. Nf3 e6 3. c4 Nf6 4. g3 Be7 5. cxd5 exd5 6. Bg2 Bg4 7. Nc3 Nc6 8.
Ne5 Nxe5 9. dxe5 Nh5 10. Nxd5 Bxe2 11. Qxe2 Qxd5 12. Bxd5 Bb4+ 13. Kf1 Be1 14.
Qxh5 Bxf2 15. Qxf7+ Kd8 16. Be6 Re8 17. Qd7# 1-0

[Event "ICS rated bullet match"]
[Site "204.178.125.65"]
[Date "2000.06.26"]
[Round "?"]
[White "Bjackhammer"]
[Black "Hossa"]
[Result "0-1"]
[WhiteElo "1199"]
[BlackElo "2549"]
[PlyCount "28"]
[EventDate "2000.??.??"]

1. e4 d5 2. exd5 Qxd5 3. Nc3 Qa5 4. Nf3 Nf6 5. Bb5+ Bd7 6. d3 Bxb5 7. b4 Qxb4
8. a3 Qxc3+ 9. Qd2 Qxa1 10. O-O Bc6 11. Bb2 Qxb2 12. Qc3 Qxc3 13. Nd4 Qxd4 14.
Ra1 Qxa1# 0-1

[Event "ICS rated bullet match"]
[Site "204.178.125.65"]
[Date "2000.06.26"]
[Round "?"]
[White "Reid"]
[Black "Hossa"]
[Result "0-1"]
[WhiteElo "1960"]
[BlackElo "2549"]
[PlyCount "108"]
[EventDate "2000.??.??"]

1. e4 d5 2. exd5 Qxd5 3. Nc3 Qa5 4. d4 Nf6 5. Nf3 c6 6. Bf4 Ne4 7. Bd2 Nxd2 8.
Qxd2 Nd7 9. Bc4 b5 10. Bb3 b4 11. Ne2 e6 12. O-O Bd6 13. Rfe1 Qc7 14. h3 O-O
15. Qg5 c5 16. dxc5 Nxc5 17. Ned4 Nxb3 18. Nxb3 Qxc2 19. Ne5 f6 20. Qd2 Qxd2
21. Nxd2 Bxe5 22. Rab1 Rd8 23. Nf3 Bd4 24. Nxd4 Rxd4 25. Red1 Rxd1+ 26. Rxd1
Bb7 27. Rd7 Bd5 28. b3 a5 29. Kf1 a4 30. Ke2 axb3 31. axb3 Bxb3 32. Rb7 Bc4+
33. Ke3 b3 34. Kd4 Bd5 35. Rb4 Ra2 36. Kc3 Rxf2 37. g3 Rf3+ 38. Kb2 Rxg3 39. h4
Rg2+ 40. Kc3 b2 41. Rxb2 Rxb2 42. Kxb2 Kf7 43. Kc1 Kg6 44. Kd2 Kh5 45. Ke3 Kxh4
46. Kf2 g5 47. Kg1 Kg3 48. Kf1 f5 49. Kg1 Bc4 50. Kh1 e5 51. Kg1 f4 52. Kh1 f3
53. Kg1 f2+ 54. Kh1 f1=Q# {Reid checkmated} 0-1

[Event "ICS rated bullet match"]
[Site "204.178.125.65"]
[Date "2000.06.26"]
[Round "?"]
[White "sharkmeister"]
[Black "Hossa"]
[Result "0-1"]
[WhiteElo "1585"]
[BlackElo "2550"]
[PlyCount "22"]
[EventDate "2000.??.??"]

1. e4 d5 2. Nf3 dxe4 3. Ng5 Qd5 4. Nc3 Qxg5 5. Bc4 Qxg2 6. Rf1 Nf6 7. Qe2 Bh3
8. d3 exd3 9. cxd3 Qxh2 10. Bg5 Qg2 11. O-O-O Qxg5+ 0-1

[Event "ICS rated standard match"]
[Site "204.178.125.65"]
[Date "2000.06.26"]
[Round "?"]
[White "Hossa"]
[Black "Amateur"]
[Result "1-0"]
[WhiteElo "2284"]
[BlackElo "2352"]
[PlyCount "157"]
[EventDate "2000.??.??"]

1. d4 e6 2. c4 Bb4+ 3. Bd2 a5 4. Nf3 d6 5. Bxb4 axb4 6. e4 Nf6 7. Bd3 O-O 8.
O-O Nc6 9. Qe2 e5 10. d5 Nd4 11. Nxd4 exd4 12. Nd2 c6 13. Bc2 Re8 14. Qd1 Bd7
15. Bd3 Qb6 16. Qc2 Re5 17. Nf3 Rh5 18. h3 Qc5 19. Rfe1 Rc8 20. Qd2 Re8 21.
Rac1 Qb6 22. Qf4 Qc5 23. Bb1 Bxh3 24. gxh3 Rxh3 25. Red1 Rh6 26. Nxd4 Nh5 27.
Qf5 Rg6+ 28. Kh1 Rh6 29. Kg2 Rg6+ 30. Kf1 Ng3+ 31. fxg3 Rf6 32. Qxf6 gxf6 33.
Nf5 Rd8 34. Kg2 Rd7 35. Rh1 b6 36. Bd3 Ra7 37. Ra1 cxd5 38. cxd5 Qa5 39. Rhc1
Ra8 40. Kf3 b3 41. axb3 Qxa1 42. Rxa1 Rxa1 43. Nxd6 Ra2 44. Nc8 Ra8 45. Nxb6
Rb8 46. Nc4 Rxb3 47. Ke3 h5 48. Kd2 Kf8 49. Kc2 Rb5 50. Ne3 Rb4 51. Nf5 Rb8 52.
Kc3 Rc8+ 53. Bc4 Rc5 54. d6 Rc8 55. d7 Rd8 56. Bb5 Ra8 57. Kd4 Rd8 58. Kd5 Kg8
59. Kd6 Kh7 60. Ke7 Rb8 61. Nd6 f5 62. exf5 h4 63. gxh4 Kg7 64. Bc4 Kh7 65. b3
f6 66. Kxf6 Rd8 67. Ke7 Ra8 68. f6 Kg6 69. f7 Kh5 70. Ne8 Kxh4 71. f8=Q Kg3 72.
Qg7+ Kf2 73. Qd4+ Kg3 74. Qe3+ Kg2 75. d8=Q Rxd8 76. Kxd8 Kh1 77. Qh3+ Kg1 78.
Qg3+ Kh1 79. Bd5# 1-0